Enfermedades de las plantas del gran cultivo / (Record no. 56624)

MARC details
000 -LEADER
campo de control de longitud fija 00724nam a2200205 i 4500
001 - NÚMERO DE CONTROL
campo de control 56624
003 - IDENTIFICADOR DE NÚMERO DE CONTROL
campo de control ES-MaACL
005 - FECHA Y HORA DE LA ÚLTIMA TRANSACCIÓN
campo de control 20230906163419.0
007 - CAMPO FIJO DE DESCRIPCIÓN FÍSICA--INFORMACIÓN GENERAL
campo de control de longitud fija t|
008 - DATOS DE LONGITUD FIJA--INFORMACIÓN GENERAL
campo de control de longitud fija 031010s1963 sp ||||1| spa d
100 1# - ENTRADA PRINCIPAL--NOMBRE DE PERSONA
Nombre de persona Dickson, James G.
9 (RLIN) 44503
245 10 - MENCIÓN DEL TÍTULO
Título Enfermedades de las plantas del gran cultivo /
Mención de responsabilidad, etc. James G. Dickson ; traducción y adaptación por José Vallega ; con la colaboración de los ingenieros agrónomos Hugo P. Cenoz y Juan L. Tessi.
250 ## - MENCION DE EDICION
Mención de edición [1ª ed.].
260 ## - PUBLICACIÓN, DISTRIBUCIÓN, ETC.
Lugar de publicación, distribución, etc. Barcelona :
Nombre del editor, distribuidor, etc. Salvat,
Fecha de publicación, distribución, etc. [1963]
300 ## - DESCRIPCIÓN FÍSICA
Extensión XII, 584 p. :
Otras características físicas il. ;
Dimensiones 23 cm.
700 1# - ENTRADA AGREGADA--NOMBRE PERSONAL
Nombre de persona Vallega, José.
9 (RLIN) 112830
700 1# - ENTRADA AGREGADA--NOMBRE PERSONAL
Nombre de persona Cenoz, Pedro.
9 (RLIN) 37411
700 1# - ENTRADA AGREGADA--NOMBRE PERSONAL
Nombre de persona Tessi, Juan L.
9 (RLIN) 109825
852 ## - LOCALIZACIÓN
Ubicación ES-MaACL
Número de control de estantería C-23609
Sublocalización o colección R.52188
Holdings
Estatus retirado Estado de pérdida Estado de daño No para préstamo Biblioteca de origen Biblioteca actual Ubicación en estantería Fecha de adquisición Fuente de adquisición Total de préstamos Signatura topográfica completa Código de barras Visto por última vez Precio de reemplazo Tipo de ítem Koha
        Biblioteca del Ateneo de Madrid Biblioteca del Ateneo de Madrid Depósito 2 17/01/2008     C-23609 1059465 23/02/2023 23/02/2023 Libro impreso